LEADER 01055nam a2200277 a 4500 001 000000169633 003 CaOOAMICUS 005 20181001111107.0 008 181001s1975 it u000 u ita r 032 $aLibriCat 040 $aPUL$bita 041 1 $aita$heng 100 1 $aBeckett, Samuel Barclay,$d1906-1989.$0(OLS)http://pul/name/7648 240 10$aMore pricks than kicks. $lItaliano.$0(OLS)http://pul/title/210251 245 10$aNovelle /$cSamuel Beckett; traduzione di Alessandro Roffeni . 260 $aMilano :$bGarzanti,$c1975. 300 $a218 p. ;$c18 cm. 490 1 $aI Garzanti ;$v595 700 1 $aRoffeni, Alessandro.$0(OLS)http://pul/name/109180 830 2$aI Garzanti ;$v595.$0(OLS)http://pul/title/26266 850 $aPUL 852 $aPUL$W1$xDP1 Fondo Dalla Palma$y117$m9 H 50$j192644$qFondi$B197642$CPULBib$Z2$F197642 $HDal1314 $81 941 1 $a1 996 $6245$aNovelle$9(OLS)http://pul/title/112160 996 $6260$aMilano :$bGarzanti$9(OLS)http://pul/publisher/49146 LEADER 01567nam a2200337 a 4500 001 000000147979 003 CaOOAMICUS 005 20151204132046.0 008 151204s2002 it u000 u ita r 020 $a88-7831-128-6* 032 $aLibriCat 040 $aPUL$bita 082 04$a270.5 100 1 $aCondorelli, Orazio,$d1966-$0(OLS)http://pul/name/69141 245 10$aUnum corpus, diversa capita :$bmodelli di organizzazione e cura pastorale per una "varietas ecclesiarum" (secoli XI-XV) /$cOrazio Condorelli. 260 $aRoma :$bIl Cigno GG,$cİ2002. 300 $a243 p. ;$c24 cm. 490 1 $aI libri di Erice ;$v29 504 $aBibliografia in nota ed indici. 610 24$aChiesa cattolica$xStoria$ySec. XI-XV.$0(OLS)http://pul/subject/42762 830 0$aLibri di Erice ;$v29.$0(OLS)http://pul/title/165874 850 $aPUL 852 $aPUL$W1$xDP1 Fondo G. Barberini$y122$m3 C 91$j166410$b2 copia$qFondi$B179111$CPULBib$Z2$F179111 $HBar1445 $81 852 $aPUL$W1$xSL Religione 3$y85$m270. 5 CONOR 1$j170768$qDDC 21$B171798$CPULBib$Z2$F171798 $H126635 $81 941 1 $a9 941 1 $a1 996 $6020$a88-7831-128-6*$9(OLS)http://pul/number/159193 996 $6082$a270.5$9(OLS)http://pul/classification/2139 996 $6245$aUnum corpus, diversa capita :$bmodelli di organizzazione e cura pastorale per una "varietas ecclesiarum" (secoli XI-XV)$9(OLS)http://pul/title/186721 996 $6260$aRoma :$bIl Cigno GG$9(OLS)http://pul/publisher/84290